| 000 | 01871cam a22006134i 4500 | ||
|---|---|---|---|
| 003 | PE-LiUPU | ||
| 005 | 20250731170414.0 | ||
| 008 | 170502s1973 r 000 0 spa d | ||
| 020 | _a0871234572 | ||
| 020 | _a9780871234575 | ||
| 035 | _a(Sirsi) a167498 | ||
| 040 |
_aPE-LiUPU _bspa _cPE-LiUPU _erda |
||
| 049 | _aPRUA | ||
| 082 | 0 | 4 |
_a133 _bM84 _220 |
| 100 | 1 |
_aMontgomery,John Warwick, _eautor. |
|
| 040 | _aPE-LiUPU | ||
| 245 | 1 | 0 |
_aPrincipalities and powers : _bthe world of the occult / _c John Warwick Montgomery. |
| 264 | 1 |
_aMinneapolis : _b Bethany Fellowship, _c1973. |
|
| 300 |
_a224 pages : _bilustrations ; _c23 centimeters |
||
| 336 |
_atext _2rdacontent |
||
| 337 |
_aunmediated _2rdamedia |
||
| 338 |
_avolume _2rdacarrier |
||
| 504 | _aIndex :pages 219-224. | ||
| 505 | 0 | _aBut is it real? -- A bit of hidden history -- Cabala en Christ -- The stars and the hermetic tradition -- The land of mordor -- God´s Devil: a ghost story with a moral. | |
| 526 | _aSEG68 | ||
| 526 | _aSEG70 | ||
| 526 | _aSEG69 | ||
| 526 | _aSEG67 | ||
| 526 | _aSEG43 | ||
| 526 | _aP144 | ||
| 526 | _aP143 | ||
| 526 | _aP131 | ||
| 526 | _aP122 | ||
| 526 | _aP120 | ||
| 526 | _aP117 | ||
| 526 | _aP112 | ||
| 526 | _aP110 | ||
| 526 | _aP106 | ||
| 526 | _aP101 | ||
| 526 | _aP80 | ||
| 526 | _aP59 | ||
| 526 | _aP54 | ||
| 526 | _aP35 | ||
| 526 | _aP33 | ||
| 526 | _aP30 | ||
| 650 | 0 | 4 | _aOcultismo. |
| 650 | 0 | 4 |
_aParasicología _xinvestigación. |
| 910 |
_ajck _bncf _cncf _d20170502 |
||
| 942 |
_2ddc _cBOOK |
||
| 994 |
_aC0 _bPEPRU |
||
| 596 | _a1 | ||
| 999 |
_a133 M84 _wDEWEY _c16227 _i75730 _f2021-11-9 _g4 _lCCODEBUL1 _mBUL _p13.80 _r0 _sY _tBOOK _u2017-5-2 _xTEOLOGIA _PP85 _0COMPRA _o.STAFF. Colección Teologia _d16227 |
||
| 980 |
_81 _gALBERTO SANCHEZ Responsable de Automatización |
||